| 000 | 00542 a2200181 4500 | ||
|---|---|---|---|
| 020 | _a0763714704 | ||
| 040 |
_aDLC _bDLC |
||
| 082 | 0 | 0 | _a005.73 |
| 100 | 1 | _aDale, Nell B. | |
| 245 | 1 | 0 |
_aC++ plus data structures _cNell Dale, David Teague. |
| 250 | _a2nd ed. | ||
| 260 |
_aSudbury, Mass. : _bJones and Bartlett Publishers, _cc2001. |
||
| 300 |
_axiv, 819 p. : _bill. ; _c24 cm. |
||
| 650 | 0 | _aC++ (Computer program language) | |
| 650 | 0 | _aData structures (Computer science) | |
| 700 | 1 |
_aTeague, David, _d1937- |
|
| 942 |
_cBK _k005.73 DAL _2ddc |
||
| 999 |
_c9442 _d9442 |
||